000 00505cam a22002052a 4500
001 011059
003 AR-FADEU
008 311216n1966####xxu####################dd
092 _a808.831
_bT969t
100 _aTwain, Mark
245 _aThe adventures of Tom Sawyer
260 _aLondon
260 _bLongman
260 _c1966
300 _a83 p. : ilus
440 _aStructural readers stage
_n5
650 _a/LITERATURA/CUENTO; SHORT STORIES/REVISADO/
546 _aInglés
942 _cBDGR
999 _c16840
_d16840